000 00411nam a22001697a 4500
003 MPLRDC
005 20220104114628.0
008 210129b ||||| |||| 00| 0 eng d
082 _a192.1 MTF v.3 c.2
100 _a耀文译
245 _a人生座右铭
_c
250 _a初版
260 _a
_b满庭芳出版社
_c1987
300 _b
650 _a格言; 箴言; 金言
942 _cBK
_o192.1 MTF v.3 c.2
999 _c8970
_d8960